| 000 | 00624nam a2200181Ia 4500 | ||
|---|---|---|---|
| 001 | 17558 | ||
| 003 | GE_BSU | ||
| 008 | 181216s||||||||xx |||||||||||||| ||und|| | ||
| 040 | _cGE_BSU | ||
| 245 | _aშორეულ გზებზე:ქართველ მოგზაურთა ჩანაწერები:წიგნი მეორე | ||
| 245 | _cრედ.:რ. ორჯონიკიძე;მხატვ.:ზ.კაპანაძე | ||
| 260 | _aთბილისი | ||
| 260 | _bნაკადული | ||
| 260 | _c1961 | ||
| 300 | _a312გვ.;22სმ. | ||
| 300 | _eილ. | ||
| 942 | _cBK | ||
| 999 |
_c50608 _d50608 |
||